| 000 | 00573nam a22001577a 4500 | ||
|---|---|---|---|
| 999 |
_c535519 _d535519 |
||
| 020 | _qHard Cover. | ||
| 082 | _a629.04 | ||
| 100 | _aKhattak, Afaq | ||
| 245 |
_aexperimental investigation of factors Affecting the resilient Modulus of Bituminous Paving mixes using Indirect Tension Test / _cAfaq Khattak. |
||
| 260 |
_aIslamabad: _bNIT NUST, _c2012. |
||
| 300 |
_a87 p. : _bill. ; _c30cm. |
||
| 942 |
_2ddc _cTHE |
||
| 650 |
_aTransportation Engineering MS-Thesis. _916276 |
||
| 700 |
_aDr. Muhammad Babar Khan _929015 |
||